000 00525nam a2200181Ia 4500
001 16868
005 20260306170342.0
008 260306t2024||||xx |||||||||||||| ||und||
041 _aESP
082 _a657.3
_bA11
100 _aAbanto Bromley, Martha Cecilia,
_eAUT
245 0 _aProceso contable al cierre del periodo ; Correcciones de errores contables que inciden en los estados financieros
260 _c2024
300 _a56, 56 páginas :
_c24 cm.
650 _aGEN
654 _aCCO
942 _cLIB
_dJUS
_fJUS
_2ddc
_n
999 _c16868
_d16868